[Event "2. Open Fincas Mediterranea"]
[Site "Castelldefels ESP"]
[Date "2005.08.20"]
[Round "4.6"]
[White "Avila Jimenez, Javier"]
[Black "Milov, Leonid"]
[Result "0-1"]
[WhiteElo "2194"]
[BlackElo "2482"]
[PlyCount "70"]
[EventDate "2005.08.17"]
[EventType "swiss"]
[EventRounds "9"]
[EventCountry "ESP"]
[Source "lmi"]
[SourceDate "2005.08.25"]

1. d4 Nf6 2. c4 c5 3. d5 b5 4. Qc2 Na6 5. a3 bxc4 6. e4 Qa5+ 7. Nc3 Nb4 8. Qb1
Nd3+ 9. Bxd3 cxd3 10. Qxd3 Ba6 11. Qc2 g6 12. Bd2 Bg7 13. Nge2 O-O 14. O-O Ng4
15. h3 Ne5 16. b4 cxb4 17. axb4 Qb6 18. Be3 Qb7 19. b5 Bxb5 20. Nxb5 Qxb5 21.
Rxa7 Rxa7 22. Bxa7 Qa6 23. Bd4 Rc8 24. Qb2 Nd3 25. Qa1 Qxa1 26. Bxa1 Rc2 27.
Bxg7 Rxe2 28. Bc3 Rxe4 29. Rb1 f6 30. d6 Nf4 31. Rb8+ Kf7 32. Bb4 e5 33. Ba5
Rd4 34. Bc7 Ne6 35. Ra8 Nf8 0-1

[Event "2. Open Fincas Mediterranea"]
[Site "Castelldefels ESP"]
[Date "2005.08.20"]
[Round "4.7"]
[White "Panelo, Marcelo"]
[Black "Raineri, Pablo"]
[Result "1/2-1/2"]
[WhiteElo "2404"]
[BlackElo "2241"]
[PlyCount "72"]
[EventDate "2005.08.17"]
[EventType "swiss"]
[EventRounds "9"]
[EventCountry "ESP"]
[Source "lmi"]
[SourceDate "2005.08.25"]

1. d4 d5 2. c4 c6 3. Nc3 Nf6 4. e3 a6 5. Qc2 g6 6. Nf3 Bg7 7. Bd3 O-O 8. O-O b5
9. b3 Nbd7 10. Bd2 Bb7 11. cxd5 cxd5 12. Rfc1 Rc8 13. Qb2 Ne4 14. Ne2 Re8 15.
a4 Ndc5 16. Bb1 Nxd2 17. Nxd2 b4 18. Qa2 Nd7 19. Rxc8 Qxc8 20. Nf3 e5 21. Bc2
Qb8 22. Bd1 Rc8 23. Qd2 a5 24. Rc1 e4 25. Ne1 Bf8 26. Nf4 Bd6 27. g3 Rxc1 28.
Qxc1 Qc7 29. Qxc7 Bxc7 30. Be2 Kf8 31. Bb5 Ke7 32. Kf1 Bxf4 33. gxf4 Nb8 34.
Kg2 Ba6 35. Bxa6 Nxa6 36. Kg3 f5 1/2-1/2

[Event "2. Open Fincas Mediterranea"]
[Site "Castelldefels ESP"]
[Date "2005.08.20"]
[Round "4.8"]
[White "Peralta, Fernando"]
[Black "Kluss, Kai"]
[Result "1-0"]
[WhiteElo "2553"]
[BlackElo "2192"]
[PlyCount "77"]
[EventDate "2005.08.17"]
[EventType "swiss"]
[EventRounds "9"]
[EventCountry "ESP"]
[Source "lmi"]
[SourceDate "2005.08.25"]

1. d4 Nf6 2. c4 e6 3. Nc3 Bb4 4. e3 c5 5. Nge2 O-O 6. a3 cxd4 7. axb4 dxc3 8.
Nxc3 d5 9. cxd5 exd5 10. b5 Be6 11. Be2 Nbd7 12. Ra4 Nc5 13. Rd4 Qb6 14. O-O a6
15. b4 Nce4 16. Na4 Qc7 17. bxa6 bxa6 18. Bb2 Rfc8 19. Qa1 a5 20. b5 Nd6 21.
Rdd1 Nfe8 22. Bd4 Rab8 23. b6 Qe7 24. Ba6 Rc6 25. Rc1 Rxc1 26. Rxc1 Nc4 27. b7
f6 28. Ba7 Rxb7 29. Bc5 Qf7 30. Bxb7 Qxb7 31. Bd4 Bf5 32. Qa2 Ned6 33. Nc3 Qf7
34. Bc5 Be6 35. Bxd6 Nxd6 36. Qxa5 h5 37. Qd8+ Ne8 38. Rd1 Kh7 39. Nxd5 1-0

[Event "2. Open Fincas Mediterranea"]
[Site "Castelldefels ESP"]
[Date "2005.08.20"]
[Round "4.9"]
[White "Iglesias, Jorge"]
[Black "Sprenger, Wendelin"]
[Result "1/2-1/2"]
[WhiteElo "2355"]
[BlackElo "2174"]
[PlyCount "63"]
[EventDate "2005.08.17"]
[EventType "swiss"]
[EventRounds "9"]
[EventCountry "ESP"]
[Source "lmi"]
[SourceDate "2005.08.25"]

1. e4 e6 2. d4 d5 3. Nc3 Bb4 4. Nge2 dxe4 5. a3 Bxc3+ 6. Nxc3 f5 7. f3 exf3 8.
Qxf3 Nf6 9. Bf4 O-O 10. O-O-O Nbd7 11. Bc4 Nb6 12. Bb3 Nbd5 13. Be5 c6 14. Kb1
a5 15. h3 b5 16. Ne2 a4 17. Ba2 Qe7 18. c3 Nd7 19. Qg3 Nxe5 20. Qxe5 Qc7 21.
Qxc7 Nxc7 22. Nf4 Bd7 23. Rhe1 Kf7 24. Nd3 Kf6 25. Nc5 Rad8 26. Re5 Bc8 27.
Rde1 Rfe8 28. Nd3 g6 29. Rc5 Rd6 30. Rce5 Rdd8 31. Rc5 Rd6 32. Rce5 1/2-1/2

[Event "2. Open Fincas Mediterranea"]
[Site "Castelldefels ESP"]
[Date "2005.08.20"]
[Round "4.10"]
[White "Escobar Torres, Antonio"]
[Black "Marin, Irina Luiza"]
[Result "1-0"]
[WhiteElo "2095"]
[BlackElo "2224"]
[PlyCount "99"]
[EventDate "2005.08.17"]
[EventType "swiss"]
[EventRounds "9"]
[EventCountry "ESP"]
[Source "lmi"]
[SourceDate "2005.08.25"]

1. Nf3 d6 2. b3 Nf6 3. Bb2 Nbd7 4. g3 g6 5. Bg2 Bg7 6. O-O O-O 7. c4 c6 8. Qc2
Qc7 9. d4 e5 10. Nbd2 Re8 11. e3 a5 12. Rac1 Nf8 13. h3 exd4 14. Nxd4 Ne6 15.
N2f3 Nc5 16. Rfd1 Qb6 17. Bc3 d5 18. Be1 dxc4 19. Qxc4 Nce4 20. Nd2 Nxd2 21.
Bxd2 Ne4 22. Be1 Nf6 23. Qc5 Nd7 24. Qc2 c5 25. Ne2 a4 26. bxa4 Qa6 27. a5 Ne5
28. Nf4 c4 29. Nd5 Bf5 30. e4 Be6 31. Nc7 Qc6 32. Nxe8 Rxe8 33. Rb1 Nd3 34. Bc3
Bxc3 35. Qxc3 Qa4 36. Rd2 Qd7 37. Kh2 h5 38. h4 Qc6 39. Rb6 Qc8 40. e5 Re7 41.
Rxd3 cxd3 42. Qxd3 Bf5 43. Qd5 Rd7 44. Rd6 Be6 45. Qb5 Rc7 46. Qd3 Bd7 47. e6
fxe6 48. Qxg6+ Kf8 49. Qf6+ Ke8 50. Be4 1-0

[Event "2. Open Fincas Mediterranea"]
[Site "Castelldefels ESP"]
[Date "2005.08.20"]
[Round "4.11"]
[White "Giraud, Sylvain"]
[Black "Hernando Rodrigo, Julio A"]
[Result "0-1"]
[WhiteElo "2015"]
[BlackElo "2371"]
[PlyCount "126"]
[EventDate "2005.08.17"]
[EventType "swiss"]
[EventRounds "9"]
[EventCountry "ESP"]
[Source "lmi"]
[SourceDate "2005.08.25"]

1. e4 d5 2. exd5 Qxd5 3. Nc3 Qa5 4. d4 Nf6 5. Be2 c6 6. Nf3 Bf5 7. O-O Nbd7 8.
Bf4 e6 9. a3 Be7 10. b4 Qd8 11. Nh4 Be4 12. Nxe4 Nxe4 13. Nf3 Nc3 14. Qd2 Nxe2+
15. Qxe2 O-O 16. Rfd1 Nb6 17. c4 a5 18. Bd2 axb4 19. axb4 Bf6 20. Rxa8 Qxa8 21.
Bf4 Qa4 22. Bd6 Ra8 23. Bc5 Nxc4 24. Rc1 Qa2 25. Kf1 Qxe2+ 26. Kxe2 Ra2+ 27.
Kd3 b5 28. Rc2 Ra3+ 29. Ke2 h5 30. Nd2 Nxd2 31. Kxd2 g5 32. h3 g4 33. hxg4 hxg4
34. Ke2 Kg7 35. f3 Kg6 36. Bb6 Rb3 37. Bc5 Kf5 38. Ra2 g3 39. Rc2 e5 40. dxe5
Bxe5 41. Bf8 Bc3 42. Bd6 Bxb4 43. Bxb4 Rxb4 44. Rxc6 Rb2+ 45. Ke3 Kg5 46. f4+
Kg4 47. Rf6 Rxg2 48. Rxf7 Rf2 49. Rg7+ Kh3 50. Rh7+ Kg2 51. Rb7 Rb2 52. f5 b4
53. f6 Rf2 54. Rxb4 Rxf6 55. Re4 Kh2 56. Rh4+ Kg1 57. Ke2 g2 58. Rh8 Re6+ 59.
Kd2 Re5 60. Rh7 Kf2 61. Rf7+ Kg3 62. Rg7+ Kf3 63. Rg8 Re4 0-1

[Event "2. Open Fincas Mediterranea"]
[Site "Castelldefels ESP"]
[Date "2005.08.20"]
[Round "4.12"]
[White "Escanes Garcia, David"]
[Black "Martin Canfran, Ruben"]
[Result "0-1"]
[WhiteElo "2020"]
[BlackElo "2202"]
[PlyCount "92"]
[EventDate "2005.08.17"]
[EventType "swiss"]
[EventRounds "9"]
[EventCountry "ESP"]
[Source "lmi"]
[SourceDate "2005.08.25"]

1. e4 c5 2. Nf3 d6 3. Bc4 Nf6 4. Qe2 Nc6 5. h3 e6 6. c3 Be7 7. Bb3 O-O 8. O-O
d5 9. e5 Nd7 10. d4 f5 11. exf6 Nxf6 12. Ng5 Qd7 13. Re1 Re8 14. Be3 cxd4 15.
cxd4 Bd6 16. Nc3 a6 17. Na4 Qd8 18. Rac1 Na5 19. Bc2 Bd7 20. Nc3 Nc4 21. Bb1
Nxe3 22. Qxe3 e5 23. Nxd5 Nxd5 24. Bxh7+ Kf8 25. Qb3 Bc6 26. f4 e4 27. Bxe4
Bxf4 28. Nh7+ Kg8 29. Rc5 Rxe4 30. Rxe4 Kxh7 31. Qc2 Kg8 32. Rxd5 Qxd5 33. Rxf4
Re8 34. Qf2 Re4 35. Rxe4 Qxe4 36. a3 Bd5 37. Kh2 a5 38. Kg3 g5 39. Qd2 Qh4+ 40.
Kh2 Qf4+ 41. Qxf4 gxf4 42. g4 Kg7 43. h4 Kg6 44. Kg1 Bf3 45. g5 Kh5 46. Kf2 Bd5
0-1

[Event "2. Open Fincas Mediterranea"]
[Site "Castelldefels ESP"]
[Date "2005.08.20"]
[Round "4.13"]
[White "Wong Castañeda, Arturo"]
[Black "Dubois, Martine"]
[Result "1-0"]
[WhiteElo "2182"]
[BlackElo "2014"]
[PlyCount "79"]
[EventDate "2005.08.17"]
[EventType "swiss"]
[EventRounds "9"]
[EventCountry "ESP"]
[Source "lmi"]
[SourceDate "2005.08.25"]

1. e4 d5 2. exd5 Qxd5 3. Nf3 Nf6 4. d4 Bg4 5. Be2 e6 6. c3 c6 7. Bf4 Bd6 8.
Bxd6 Qxd6 9. Nbd2 Nbd7 10. h3 Bh5 11. Nc4 Qc7 12. O-O O-O 13. Re1 Nd5 14. Nfe5
Bxe2 15. Qxe2 Nxe5 16. Nxe5 Rad8 17. Qf3 Qe7 18. Ng4 Qd6 19. Re5 Rd7 20. Rae1
Ne7 21. Rg5 Ng6 22. Ne5 Nxe5 23. Rgxe5 Qc7 24. Qg4 Rd5 25. h4 Rxe5 26. Rxe5 Qe7
27. Qg3 f6 28. Re3 Rd8 29. a3 Kf7 30. Qg4 Rd5 31. Qe4 g6 32. c4 Rh5 33. g3 Qd6
34. b4 b5 35. cxb5 Rxb5 36. Rc3 Rd5 37. Rc5 Qd7 38. Kg2 h5 39. Qe3 Rf5 40. Qc3
1-0

[Event "2. Open Fincas Mediterranea"]
[Site "Castelldefels ESP"]
[Date "2005.08.20"]
[Round "4.14"]
[White "Diaz Moron, Agustin"]
[Black "Rodriguez Vega, Blas"]
[Result "1/2-1/2"]
[WhiteElo "1992"]
[BlackElo "2166"]
[PlyCount "115"]
[EventDate "2005.08.17"]
[EventType "swiss"]
[EventRounds "9"]
[EventCountry "ESP"]
[Source "lmi"]
[SourceDate "2005.08.25"]

1. e4 d5 2. d4 dxe4 3. Nc3 c6 4. Bc4 Nf6 5. f3 e3 6. Bxe3 e6 7. Nge2 Nbd7 8. a3
Be7 9. Qd2 Nd5 10. Nxd5 exd5 11. Bd3 Nb6 12. b3 Bh4+ 13. Bf2 Be6 14. O-O Bxf2+
15. Rxf2 Qh4 16. Qf4 Qxf4 17. Nxf4 O-O 18. Nxe6 fxe6 19. Re2 Rf6 20. Rae1 Kf7
21. a4 Rc8 22. a5 Nd7 23. c4 Rc7 24. Kf2 h6 25. g3 Nf8 26. c5 a6 27. b4 Re7 28.
Re3 g5 29. Kg2 Nd7 30. R1e2 h5 31. Re1 Rh6 32. f4 gxf4 33. gxf4 Rh8 34. h3 h4
35. f5 Nf8 36. Kf3 Rg8 37. Kf4 Kf6 38. R1e2 exf5 39. Bxf5 Rxe3 40. Rxe3 Rg3 41.
Re8 Rg8 42. Re3 Ng6+ 43. Bxg6 Rxg6 44. Re8 Rg3 45. Rb8 Rxh3 46. Rxb7 Rd3 47.
Rb6 Rxd4+ 48. Kf3 Ke5 49. Rxc6 Rxb4 50. Rxa6 Rb5 51. Kg4 Rxc5 52. Kxh4 d4 53.
Ra8 d3 54. a6 Rc4+ 55. Kg5 d2 56. Rd8 Rd4 57. Rxd4 Kxd4 58. a7 1/2-1/2

[Event "2. Open Fincas Mediterranea"]
[Site "Castelldefels ESP"]
[Date "2005.08.20"]
[Round "4.15"]
[White "Navarro Perez, Juan Carles"]
[Black "Crickmore, Neil EG"]
[Result "0-1"]
[WhiteElo "1985"]
[BlackElo "2129"]
[PlyCount "72"]
[EventDate "2005.08.17"]
[EventType "swiss"]
[EventRounds "9"]
[EventCountry "ESP"]
[Source "lmi"]
[SourceDate "2005.08.25"]

1. b3 Nf6 2. Bb2 g6 3. e4 d6 4. f4 Bg7 5. d3 O-O 6. Nc3 c5 7. h3 Nc6 8. Qd2 a6
9. O-O-O b5 10. g4 b4 11. Na4 Bd7 12. g5 Ne8 13. Bxg7 Nxg7 14. Bg2 Nd4 15. Nb2
a5 16. Nc4 Bc6 17. Ne2 Nge6 18. Nxd4 Nxd4 19. h4 a4 20. h5 Nb5 21. Kb2 Ra6 22.
hxg6 fxg6 23. Bh3 Bd7 24. f5 Nc3 25. Ra1 a3+ 26. Kc1 d5 27. Ne5 dxe4 28. Nxd7
Qxd7 29. fxg6 Qd4 30. gxh7+ Kh8 31. Qe1 Rf7 32. Rf1 Ne2+ 33. Kd1 Qxa1+ 34. Kd2
e3+ 35. Kxe3 Qe5+ 36. Kd2 Qf4+ 0-1

[Event "2. Open Fincas Mediterranea"]
[Site "Castelldefels ESP"]
[Date "2005.08.20"]
[Round "4.16"]
[White "Maleki, Manuel"]
[Black "Sanjuan Morigosa, Isaura"]
[Result "1-0"]
[WhiteElo "2119"]
[BlackElo "2003"]
[PlyCount "45"]
[EventDate "2005.08.17"]
[EventType "swiss"]
[EventRounds "9"]
[EventCountry "ESP"]
[Source "lmi"]
[SourceDate "2005.08.25"]

1. e4 d5 2. exd5 Qxd5 3. Nc3 Qa5 4. d4 Nf6 5. Bd2 Qb6 6. Nf3 Bg4 7. Bc4 Bxf3 8.
Qxf3 Nc6 9. Bb5 O-O-O 10. Bxc6 bxc6 11. O-O-O Rxd4 12. Be3 Rxd1+ 13. Rxd1 Qa6
14. Rd4 Qf1+ 15. Kd2 e5 16. Qf5+ Kb7 17. Rd8 Bc5 18. Qc8+ Kb6 19. Na4+ Kb5 20.
Nxc5 Rxd8+ 21. Qxd8 Nd5 22. Qb8+ Nb6 23. Qb7 1-0

[Event "2. Open Fincas Mediterranea"]
[Site "Castelldefels ESP"]
[Date "2005.08.20"]
[Round "4.17"]
[White "Eguia Cambero, Ignacio"]
[Black "Gonzalez Valenzuela, Didac"]
[Result "1/2-1/2"]
[WhiteElo "1971"]
[BlackElo "2112"]
[PlyCount "44"]
[EventDate "2005.08.17"]
[EventType "swiss"]
[EventRounds "9"]
[EventCountry "ESP"]
[Source "lmi"]
[SourceDate "2005.08.25"]

1. e4 e6 2. d4 d5 3. Nc3 Bb4 4. e5 c5 5. Bd2 Ne7 6. f4 Nbc6 7. Nf3 O-O 8. a3
Bxc3 9. bxc3 Nf5 10. Bd3 Nce7 11. O-O f6 12. Qe1 c4 13. Be2 Ng6 14. g4 Nh6 15.
Qg3 f5 16. g5 Nf7 17. h4 Ne7 18. Kg2 Qa5 19. Rh1 Nd8 20. h5 Ndc6 21. Be1 a6 22.
Nh4 Bd7 1/2-1/2

[Event "2. Open Fincas Mediterranea"]
[Site "Castelldefels ESP"]
[Date "2005.08.20"]
[Round "4.18"]
[White "Castells Briones, Miquel"]
[Black "Lopez Artigas, Sergio"]
[Result "1-0"]
[WhiteElo "2101"]
[BlackElo "1993"]
[PlyCount "104"]
[EventDate "2005.08.17"]
[EventType "swiss"]
[EventRounds "9"]
[EventCountry "ESP"]
[Source "lmi"]
[SourceDate "2005.08.25"]

1. d4 c5 2. d5 d6 3. e4 Nf6 4. Nc3 g6 5. Nf3 Bg7 6. Be2 O-O 7. O-O Bg4 8. h3
Bxf3 9. Bxf3 Nbd7 10. Be2 a6 11. a4 b6 12. Re1 Rb8 13. Bxa6 Ne8 14. Bf1 f5 15.
exf5 Rxf5 16. Bd3 Rf8 17. Qe2 Nc7 18. Qxe7 Bd4 19. Nd1 Ne5 20. Bg5 Qxe7 21.
Bxe7 Rfe8 22. Bxd6 Nf3+ 23. gxf3 Rxe1+ 24. Kg2 Rc8 25. Bf4 Nxd5 26. Bc4 Rd8 27.
Bd2 Re7 28. Bg5 Kf8 29. Bxd5 Rxd5 30. Bxe7+ Kxe7 31. c3 Be5 32. Ne3 Rd7 33. a5
b5 34. a6 Ra7 35. Ra5 Bd6 36. Rxb5 Rxa6 37. Rb7+ Ke6 38. Rxh7 Rb6 39. Rh6 Kf7
40. Rh7+ Kg8 41. Rd7 Bf8 42. Nc4 Rf6 43. Ne3 Rb6 44. Ng4 Bg7 45. Rc7 Rxb2 46.
Rxc5 Rc2 47. c4 Bd4 48. Rc6 Kg7 49. Rc7+ Kf8 50. f4 Ke8 51. Kf3 Kf8 52. Ne3 Bf6
1-0

[Event "2. Open Fincas Mediterranea"]
[Site "Castelldefels ESP"]
[Date "2005.08.20"]
[Round "4.19"]
[White "Martinez Lopez, Miquel"]
[Black "Colom Andres, Xavier"]
[Result "1/2-1/2"]
[WhiteElo "1905"]
[BlackElo "2090"]
[PlyCount "127"]
[EventDate "2005.08.17"]
[EventType "swiss"]
[EventRounds "9"]
[EventCountry "ESP"]
[Source "lmi"]
[SourceDate "2005.08.25"]

1. e4 e6 2. d4 d5 3. Nc3 Nf6 4. Bg5 dxe4 5. Nxe4 Be7 6. Bxf6 Bxf6 7. Nf3 Nd7 8.
Bd3 O-O 9. O-O b6 10. c3 Bb7 11. Qc2 Be7 12. Rae1 h6 13. Nfd2 c5 14. dxc5 Nxc5
15. Nxc5 Bxc5 16. Nb3 Be7 17. Be4 Qc7 18. Bxb7 Qxb7 19. Nd4 Bf6 20. Qe4 Qc8 21.
Rd1 Qc4 22. a3 Rac8 23. Qd3 b5 24. Nf3 Qc7 25. Qe2 Qc6 26. Nd4 Qc4 27. Qxc4
bxc4 28. Nc2 Rb8 29. Rb1 a5 30. a4 Be7 31. Nd4 Rbc8 32. Nb5 Rfd8 33. Rfd1 Bc5
34. Kf1 Kf8 35. Ke2 Ke7 36. Rxd8 Rxd8 37. b3 cxb3 38. Rxb3 Rd5 39. Na3 Re5+ 40.
Kf1 Re4 41. Nc2 Rxa4 42. Rb7+ Kf6 43. Rb5 Bxf2 44. Ke2 Ra2 45. Kd3 Bg1 46. h3
a4 47. c4 a3 48. Ra5 Bb6 49. Rxa3 Rxa3+ 50. Nxa3 Ke5 51. Nb1 Ba5 52. Na3 f5 53.
Nc2 g5 54. c5 Kd5 55. Nd4 f4 56. Nb3 Bb4 57. c6 Kxc6 58. Ke4 Bc3 59. Nc1 Kd6
60. Ne2 Bb2 61. Ng1 Ke7 62. Nf3 Kf6 63. h4 Kg6 64. hxg5 1/2-1/2

[Event "2. Open Fincas Mediterranea"]
[Site "Castelldefels ESP"]
[Date "2005.08.21"]
[Round "5.2"]
[White "Milov, Leonid"]
[Black "Hamdouchi, Hichem"]
[Result "0-1"]
[WhiteElo "2482"]
[BlackElo "2567"]
[PlyCount "95"]
[EventDate "2005.08.17"]
[EventType "swiss"]
[EventRounds "9"]
[EventCountry "ESP"]
[Source "lmi"]
[SourceDate "2005.08.25"]

1. Nf3 Nf6 2. c4 c6 3. Nc3 d5 4. cxd5 cxd5 5. d4 Nc6 6. Bf4 Nh5 7. Bd2 e6 8. e3
Nf6 9. Bd3 Be7 10. O-O O-O 11. Rc1 b6 12. a3 Bb7 13. Qa4 a6 14. b4 b5 15. Qc2
Rc8 16. Qb1 g6 17. Be2 Rb8 18. a4 Ne4 19. axb5 Nxd2 20. Nxd2 axb5 21. Nxb5 Nxb4
22. Nc3 e5 23. Nb3 e4 24. Na2 Nc6 25. Nc5 Bc8 26. Qc2 Bd6 27. Rb1 Ra8 28. Nb4
Nxb4 29. Rxb4 Qc7 30. g3 Bh3 31. Rc1 Rfc8 32. Qb3 Qa5 33. Rb5 Qd2 34. Qb2 Qxb2
35. Rxb2 Bxc5 36. dxc5 Rxc5 37. Rbb1 Rxc1+ 38. Rxc1 Ra2 39. Bf1 Bg4 40. h3 Be6
41. Rd1 Kg7 42. Kg2 h5 43. Re1 Kf6 44. Re2 Ra1 45. Rb2 Bxh3+ 46. Kg1 Kg7 47.
Rb3 Ra8 48. Be2 0-1

[Event "2. Open Fincas Mediterranea"]
[Site "Castelldefels ESP"]
[Date "2005.08.21"]
[Round "5.3"]
[White "Lerch Gallemi, Jose Maria"]
[Black "Marin, Mihail"]
[Result "0-1"]
[WhiteElo "2267"]
[BlackElo "2537"]
[PlyCount "88"]
[EventDate "2005.08.17"]
[EventType "swiss"]
[EventRounds "9"]
[EventCountry "ESP"]
[Source "lmi"]
[SourceDate "2005.08.25"]

1. e4 e5 2. Nf3 Nc6 3. Bc4 Nf6 4. d3 h6 5. O-O d6 6. c3 g6 7. Re1 Bg7 8. Nbd2
O-O 9. Nf1 Bd7 10. Bb3 Kh8 11. Bc2 Nh7 12. Ng3 Qe8 13. h3 Nd8 14. d4 Ne6 15.
Nf1 Rd8 16. Bd2 Qe7 17. Qc1 Nhg5 18. Nxg5 hxg5 19. Ne3 c6 20. dxe5 Bxe5 21. Ng4
Nf4 22. Bxf4 gxf4 23. Qd1 Kg7 24. Bd3 Rh8 25. Be2 Qg5 26. Bf3 Be6 27. Qa4 a6
28. Rad1 Bxg4 29. hxg4 Rh4 30. Kf1 Rdh8 31. Ke2 Rxg4 32. Rg1 Rgh4 33. Kd2 Qe7
34. Kc1 Qc7 35. Qb3 b5 36. Kb1 a5 37. Qc2 Qb6 38. Qe2 b4 39. c4 a4 40. Rd2 Qc5
41. Qd1 Ra8 42. g3 fxg3 43. fxg3 Rh3 44. Rh1 Rxh1 0-1

[Event "2. Open Fincas Mediterranea"]
[Site "Castelldefels ESP"]
[Date "2005.08.21"]
[Round "5.4"]
[White "Raineri, Pablo"]
[Black "Peralta, Fernando"]
[Result "0-1"]
[WhiteElo "2241"]
[BlackElo "2553"]
[PlyCount "43"]
[EventDate "2005.08.17"]
[EventType "swiss"]
[EventRounds "9"]
[EventCountry "ESP"]
[Source "lmi"]
[SourceDate "2005.08.25"]

1. d4 f5 2. Nc3 d5 3. e4 dxe4 4. f3 e5 5. dxe5 Qxd1+ 6. Kxd1 Nc6 7. Bf4 Nge7 8.
Nh3 Be6 9. fxe4 O-O-O+ 10. Bd3 h6 11. exf5 Nxf5 12. Re1 Nh4 13. Re2 Bg4 14. Nf2
Bxe2+ 15. Kxe2 g5 16. Bg3 Bg7 17. Be4 Nd4+ 18. Kf1 Nhf5 19. Ng4 Nxg3+ 20. hxg3
Rhf8+ 21. Kg1 h5 22. Nb1 0-1

[Event "2. Open Fincas Mediterranea"]
[Site "Castelldefels ESP"]
[Date "2005.08.21"]
[Round "5.5"]
[White "Halay, Taufik"]
[Black "Panelo, Marcelo"]
[Result "1/2-1/2"]
[WhiteElo "2320"]
[BlackElo "2404"]
[PlyCount "113"]
[EventDate "2005.08.17"]
[EventType "swiss"]
[EventRounds "9"]
[EventCountry "ESP"]
[Source "lmi"]
[SourceDate "2005.08.25"]

1. d4 Nf6 2. c4 e6 3. Nf3 d5 4. Nc3 Be7 5. cxd5 exd5 6. Bg5 c6 7. Qc2 g6 8. e3
Bf5 9. Bd3 Bxd3 10. Qxd3 O-O 11. h4 Re8 12. Ne5 Nbd7 13. O-O-O Nxe5 14. dxe5
Ng4 15. Qc2 Bxg5 16. hxg5 Qxg5 17. f4 Qf5 18. Qxf5 gxf5 19. Rh5 f6 20. Rdh1 h6
21. exf6 Rxe3 22. Nd1 Re2 23. Rxf5 Kf7 24. g3 Rg2 25. Re1 Re8 26. Rxe8 Kxe8 27.
Ne3 Nxe3 28. Re5+ Kf7 29. Rxe3 Kxf6 30. Ra3 a6 31. Rb3 Kf5 32. Rxb7 Rxg3 33.
Rc7 Ke4 34. Kc2 c5 35. f5 Rf3 36. Rh7 Rxf5 37. Rxh6 a5 38. Ra6 Rf2+ 39. Kb3 c4+
40. Kc3 Rf3+ 41. Kc2 d4 42. Re6+ Kd5 43. Re8 Rf2+ 44. Kc1 a4 45. a3 Rg2 46. Re7
d3 47. Rd7+ Ke6 48. Rb7 Rc2+ 49. Kd1 Kd5 50. Rb8 c3 51. bxc3 Kc4 52. Rc8+ Kb3
53. Rd8 Kxa3 54. Rxd3 Kb2 55. Rd4 a3 56. Rb4+ Kxc3 57. Rc4+ 1/2-1/2

[Event "2. Open Fincas Mediterranea"]
[Site "Castelldefels ESP"]
[Date "2005.08.21"]
[Round "5.7"]
[White "Crickmore, Neil EG"]
[Black "Iglesias, Jorge"]
[Result "1/2-1/2"]
[WhiteElo "2129"]
[BlackElo "2355"]
[PlyCount "61"]
[EventDate "2005.08.17"]
[EventType "swiss"]
[EventRounds "9"]
[EventCountry "ESP"]
[Source "lmi"]
[SourceDate "2005.08.25"]

1. d4 Nf6 2. c4 g6 3. Nc3 Bg7 4. e4 d6 5. f4 O-O 6. Nf3 c5 7. d5 b5 8. cxb5 a6
9. a4 Qa5 10. Bd2 Qb4 11. Qc2 axb5 12. Bxb5 Na6 13. O-O Qa5 14. Rae1 Nb4 15.
Qd1 Ba6 16. e5 Ne8 17. exd6 exd6 18. f5 Nf6 19. fxg6 hxg6 20. Ng5 Bxb5 21. axb5
Qb6 22. Qf3 Qb7 23. Nce4 Qxd5 24. Qh3 Nh5 25. g4 Bd4+ 26. Be3 f5 27. Nc3 fxg4
28. Nxd5 gxh3 29. Nxb4 Bxe3+ 30. Rxe3 cxb4 31. Nxh3 1/2-1/2

[Event "2. Open Fincas Mediterranea"]
[Site "Castelldefels ESP"]
[Date "2005.08.21"]
[Round "5.8"]
[White "Navarro Perez, Manuel"]
[Black "Hernando Rodrigo, Jose Maria"]
[Result "0-1"]
[WhiteElo "2075"]
[BlackElo "2351"]
[PlyCount "44"]
[EventDate "2005.08.17"]
[EventType "swiss"]
[EventRounds "9"]
[EventCountry "ESP"]
[Source "lmi"]
[SourceDate "2005.08.25"]

1. e4 d5 2. exd5 Qxd5 3. Nc3 Qa5 4. d4 Nf6 5. Bd2 Qb6 6. Nf3 Bg4 7. Bc4 e6 8.
h3 Bxf3 9. Qxf3 Nc6 10. d5 Ne5 11. Qe2 Nxc4 12. Qxc4 O-O-O 13. dxe6 Qxb2 14.
Rb1 Qxc2 15. Bg5 Nd5 16. O-O Nxc3 17. Qg4 f5 18. Qh4 Rd4 19. Qh5 g6 20. Qf3
Nxb1 21. Bf6 Nd2 22. Qe2 Qd3 0-1

[Event "2. Open Fincas Mediterranea"]
[Site "Castelldefels ESP"]
[Date "2005.08.21"]
[Round "5.9"]
[White "Purnama, Tirta Chandra"]
[Black "Maleki, Manuel"]
[Result "1-0"]
[WhiteElo "2337"]
[BlackElo "2119"]
[PlyCount "79"]
[EventDate "2005.08.17"]
[EventType "swiss"]
[EventRounds "9"]
[EventCountry "ESP"]
[Source "lmi"]
[SourceDate "2005.08.25"]

1. d4 Nf6 2. c4 e6 3. Nf3 d5 4. Nc3 Nbd7 5. Bg5 Bb4 6. e3 c5 7. cxd5 exd5 8.
Qc2 Qa5 9. Bd3 c4 10. Bf5 O-O 11. O-O g6 12. Bxd7 Nxd7 13. e4 Bxc3 14. bxc3
dxe4 15. Qxe4 Nb6 16. Bh6 Rd8 17. Qh4 Nd5 18. Rae1 f6 19. Re2 Bd7 20. Nd2 Re8
21. Ne4 Qb6 22. Rfe1 f5 23. Nd2 Rxe2 24. Rxe2 Re8 25. Rxe8+ Bxe8 26. h3 Bb5 27.
Nf3 Qe6 28. Qd8+ Be8 29. Ng5 Qd7 30. Qb8 Nf6 31. Qe5 Nh5 32. Qc5 Ng7 33. Qxc4+
Kh8 34. Qc5 Bf7 35. Nxf7+ Qxf7 36. Qc8+ Ne8 37. d5 Qe7 38. d6 Qe4 39. Kh2 Qe5+
40. f4 1-0

[Event "2. Open Fincas Mediterranea"]
[Site "Castelldefels ESP"]
[Date "2005.08.21"]
[Round "5.10"]
[White "Guzman, Manuel"]
[Black "Rios, Alejandro"]
[Result "0-1"]
[WhiteElo "2051"]
[BlackElo "2282"]
[PlyCount "128"]
[EventDate "2005.08.17"]
[EventType "swiss"]
[EventRounds "9"]
[EventCountry "ESP"]
[Source "lmi"]
[SourceDate "2005.08.25"]

1. e4 e5 2. Nf3 Nc6 3. Bc4 Nf6 4. d3 Bc5 5. O-O d6 6. c3 Bg4 7. b4 Bb6 8. a4 a5
9. b5 Ne7 10. Be3 Ba7 11. Bxa7 Rxa7 12. Nbd2 Ng6 13. Qb3 O-O 14. Ng5 Qe7 15. b6
Raa8 16. bxc7 Qxc7 17. h3 Bc8 18. d4 h6 19. Ngf3 Nh5 20. Rfe1 Nhf4 21. Nf1 Be6
22. d5 Bxh3 23. gxh3 Qd7 24. Ng3 Nxh3+ 25. Kf1 Ngf4 26. Re3 g6 27. Rb1 Rab8 28.
Qb5 Qd8 29. Qb6 Qf6 30. Qxa5 h5 31. Qb6 h4 32. Ne2 g5 33. Nxf4 Nxf4 34. Nh2 Kg7
35. Be2 Nxe2 36. Kxe2 Qg6 37. Rg1 f5 38. Qc7+ Kh8 39. Qe7 Rf6 40. Rh3 Qh6 41.
exf5 Rxf5 42. Ng4 Qh5 43. Qxd6 Rbf8 44. f3 e4 45. fxe4 Rf4 46. Qh6+ Qxh6 47.
Nxh6 Kh7 48. Nf5 Rxe4+ 49. Ne3 Kh6 50. Rg4 Re5 51. Rd4 Kh5 52. Kd3 Rd8 53. c4
b6 54. Ng4 Rf5 55. Re3 Rf4 56. Ree4 Kxg4 57. Rxf4+ gxf4 58. Ke2 Kg3 59. Rd3+
Kg2 60. Rd4 Re8+ 61. Kd2 Rf8 62. d6 h3 63. d7 h2 64. Rxf4 h1=Q 0-1